Introduction to Electrodynamics (Record no. 331125)
[ view plain ]
| 000 -LEADER | |
|---|---|
| fixed length control field | 02121 a2200313 4500 |
| 003 - CONTROL NUMBER IDENTIFIER | |
| control field | NUST |
| 005 - DATE AND TIME OF LATEST TRANSACTION | |
| control field | 20180118110450.0 |
| 008 - FIXED-LENGTH DATA ELEMENTS--GENERAL INFORMATION | |
| fixed length control field | 170915b xxu||||| |||| 00| 0 eng d |
| 020 ## - INTERNATIONAL STANDARD BOOK NUMBER | |
| International Standard Book Number | 978-93-325-5044-5 |
| 040 ## - CATALOGING SOURCE | |
| Original cataloging agency | DLC |
| Language of cataloging | DLC |
| Transcribing agency | SNS |
| 082 00 - DEWEY DECIMAL CLASSIFICATION NUMBER | |
| Classification number | 537.6 GRI |
| 100 1# - MAIN ENTRY--PERSONAL NAME | |
| Personal name | Griffiths, David J. |
| 9 (RLIN) | 4605 |
| 245 10 - TITLE STATEMENT | |
| Title | Introduction to Electrodynamics |
| Statement of responsibility, etc. | David J. Griffiths. |
| 250 ## - EDITION STATEMENT | |
| Edition statement | 4th ed. |
| 260 ## - PUBLICATION, DISTRIBUTION, ETC. | |
| Place of publication, distribution, etc. | New Delhi : |
| Name of publisher, distributor, etc. | Pearson Education, |
| Date of publication, distribution, etc. | c2017. |
| 300 ## - PHYSICAL DESCRIPTION | |
| Extent | 604 p. : |
| Other physical details | ill. ; |
| 650 #0 - SUBJECT ADDED ENTRY--TOPICAL TERM | |
| Topical term or geographic name entry element | Electrodynamics. |
| 9 (RLIN) | 4606 |
| 942 ## - ADDED ENTRY ELEMENTS (KOHA) | |
| Koha item type | Book |
| Call number prefix | 537.6 GRI |
| Source of classification or shelving scheme | |
| Edition | 4th Ed |
| Withdrawn status | Lost status | Source of classification or shelving scheme | Damaged status | Not for loan | Permanent Location | Current Location | Shelving location | Date acquired | Total Checkouts | Full call number | Barcode | Date last seen | Price effective from | Koha item type | Total Renewals | Checked out | Date last checked out | Collection code |
|---|---|---|---|---|---|---|---|---|---|---|---|---|---|---|---|---|---|---|
| School of Natural Sciences (SNS) | School of Natural Sciences (SNS) | Book Cart | 09/15/2017 | 537.6 GRI | SNS0002400 | 09/15/2017 | 09/15/2017 | Book | ||||||||||
| School of Natural Sciences (SNS) | School of Natural Sciences (SNS) | Book Cart | 09/15/2017 | 16 | 537.6 GRI | SNS0002401 | 11/19/2025 | 09/15/2017 | Book | 1 | 12/19/2025 | 11/19/2025 | ||||||
| School of Natural Sciences (SNS) | School of Natural Sciences (SNS) | Book Cart | 09/15/2017 | 7 | 537.6 GRI | SNS0002402 | 11/19/2025 | 09/15/2017 | Book | 1 | 10/22/2025 | |||||||
| School of Natural Sciences (SNS) | School of Natural Sciences (SNS) | Book Cart | 09/15/2017 | 11 | 537.6 GRI | SNS0002403 | 09/04/2023 | 09/15/2017 | Book | 2 | 01/02/2024 | 09/04/2023 | ||||||
| School of Natural Sciences (SNS) | School of Natural Sciences (SNS) | Book Cart | 09/15/2017 | 4 | 537.6 GRI | SNS0002404 | 08/06/2024 | 09/15/2017 | Book | 09/05/2024 | 08/06/2024 | |||||||
| Not For Loan | School of Natural Sciences (SNS) | School of Natural Sciences (SNS) | Reference | 09/15/2017 | 5 | 537.6 GRI | SNS0002405 | 03/01/2021 | 09/15/2017 | Book | 03/05/2020 | |||||||
| School of Natural Sciences (SNS) | School of Natural Sciences (SNS) | Book Cart | 09/15/2017 | 1 | 537.6 GRI | SNS0002406 | 04/30/2018 | 09/15/2017 | Book | 01/05/2018 | ||||||||
| School of Natural Sciences (SNS) | School of Natural Sciences (SNS) | Book Cart | 09/15/2017 | 537.6 GRI | SNS0002407 | 09/15/2017 | 09/15/2017 | Book | ||||||||||
| School of Natural Sciences (SNS) | School of Natural Sciences (SNS) | Book Cart | 09/15/2017 | 6 | 537.6 GRI | SNS0002408 | 12/04/2025 | 09/15/2017 | Book | 2 | 09/23/2025 | |||||||
| School of Natural Sciences (SNS) | School of Natural Sciences (SNS) | Book Cart | 09/15/2017 | 3 | 537.6 GRI | SNS0002409 | 09/18/2020 | 09/15/2017 | Book | 1 | 10/30/2020 | 09/18/2020 | ||||||
| School of Natural Sciences (SNS) | School of Natural Sciences (SNS) | General Stacks | 12/11/2018 | 8 | 537.6 GRI | SNS0002597 | 11/19/2025 | 12/11/2018 | Book | 3 | 12/19/2025 | 11/19/2025 |
